The Bible story ... (Record no. 42914)
[ view plain ]
| 000 -LEADER | |
|---|---|
| fixed length control field | 00437cam a2200193u 4500 |
| 001 - CONTROL NUMBER | |
| control field | 8855747 |
| 005 - DATE AND TIME OF LATEST TRANSACTION | |
| control field | 20180220071026.0 |
| 008 - FIXED-LENGTH DATA ELEMENTS--GENERAL INFORMATION | |
| fixed length control field | 810522m19531957dcua 000 0 eng |
| 010 ## - LIBRARY OF CONGRESS CONTROL NUMBER | |
| LC control number | 54016316 |
| 040 ## - CATALOGING SOURCE | |
| Original cataloging agency | DLC |
| Transcribing agency | CarP |
| Modifying agency | DLC |
| 041 ## - LANGUAGE CODE | |
| Language code of text/sound track or separate title | eng |
| 080 ## - UNIVERSAL DECIMAL CLASSIFICATION NUMBER | |
| Universal Decimal Classification number | 2 MAX |
| 082 ## - DEWEY DECIMAL CLASSIFICATION NUMBER | |
| Classification number | 2 MAX |
| 100 1# - Rafti | |
| Rafti | 24 |
| 101 ## - Shkurtesa | |
| Shkurtesa | TEO |
| 245 14 - TITLE STATEMENT | |
| Title | The Bible story ... |
| 906 ## - LOCAL DATA ELEMENT F, LDF (RLIN) | |
| a | 0 |
| b | cbc |
| c | premunv |
| d | u |
| e | ncip |
| f | 19 |
| g | y-gencatlg |
| 942 ## - ADDED ENTRY ELEMENTS (KOHA) | |
| Source of classification or shelving scheme | |
| Item type | Books |
| Withdrawn status | Lost status | Source of classification or shelving scheme | Damaged status | Not for loan | Collection code | Permanent location | Current location | Shelving location | Date acquired | Total Checkouts | Full call number | Barcode | Date last seen | Price effective from | Koha item type |
|---|---|---|---|---|---|---|---|---|---|---|---|---|---|---|---|
| Koleksioni i përgjithshem | UBT - Lipjan | UBT - Lipjan | Koleksioni i përgjithshem | 02/20/2018 | 2 MAX | 002-2999396 | 02/20/2018 | 02/20/2018 | Books | ||||||
| Koleksioni i përgjithshem | UBT - Lipjan | UBT - Lipjan | Koleksioni i përgjithshem | 02/20/2018 | 2 MAX | 002-2999401 | 02/20/2018 | 02/20/2018 | Books | ||||||
| Koleksioni i përgjithshem | UBT - Lipjan | UBT - Lipjan | Koleksioni i përgjithshem | 02/20/2018 | 2 MAX | 002-2999406 | 02/20/2018 | 02/20/2018 | Books | ||||||
| Koleksioni i përgjithshem | UBT - Lipjan | UBT - Lipjan | Koleksioni i përgjithshem | 02/20/2018 | 2 MAX | 002-2999411 | 02/20/2018 | 02/20/2018 | Books | ||||||
| Koleksioni i përgjithshem | UBT - Lipjan | UBT - Lipjan | Koleksioni i përgjithshem | 02/20/2018 | 2 MAX | 002-2999416 | 02/20/2018 | 02/20/2018 | Books | ||||||
| Koleksioni i përgjithshem | UBT - Lipjan | UBT - Lipjan | Koleksioni i përgjithshem | 02/20/2018 | 2 MAX | 002-2999395 | 02/20/2018 | 02/20/2018 | Books | ||||||
| Koleksioni i përgjithshem | UBT - Lipjan | UBT - Lipjan | Koleksioni i përgjithshem | 02/20/2018 | 2 MAX | 002-2999400 | 02/20/2018 | 02/20/2018 | Books | ||||||
| Koleksioni i përgjithshem | UBT - Lipjan | UBT - Lipjan | Koleksioni i përgjithshem | 02/20/2018 | 2 MAX | 002-2999405 | 02/20/2018 | 02/20/2018 | Books | ||||||
| Koleksioni i përgjithshem | UBT - Lipjan | UBT - Lipjan | Koleksioni i përgjithshem | 02/20/2018 | 2 MAX | 002-2999410 | 02/20/2018 | 02/20/2018 | Books | ||||||
| Koleksioni i përgjithshem | UBT - Lipjan | UBT - Lipjan | Koleksioni i përgjithshem | 02/20/2018 | 2 MAX | 002-2999415 | 02/20/2018 | 02/20/2018 | Books |